Storia do mogar: (Record no. 152226)

MARC details
000 -LEADER
fixed length control field 00544nam a22001937a 4500
005 - DATE AND TIME OF LATEST TRANSACTION
control field 20180523135332.0
010 ## - LCCN (DPL NO)
LC control number 437519
035 ## - SYSTEM CONTROL NUMBER
System control number 437519
037 ## - SOURCE OF ACQUISITION
Source of stock number/acquisition BPPD/PUB
082 ## - DEWEY DECIMAL CLASSIFICATION NUMBER
Classification number 954.02
100 ## - MAIN ENTRY--PERSONAL NAME
Personal name Manucci, Niccolao
245 ## - TITLE STATEMENT
Title Storia do mogar:
Remainder of title or mogul India
Statement of responsibility, etc by Niccolao Manucci
260 ## - PUBLICATION, DISTRIBUTION, ETC. (IMPRINT)
Place of publication, distribution, etc Calcutta
Name of publisher, distributor, etc Editions Indian
Date of publication, distribution, etc 1966
270 ## - ADDRESS
Address 59A, Shambazar Street
City Calcutta
300 ## - PHYSICAL DESCRIPTION
Extent 457p.
Dimensions 20cm(Hb)
500 ## - GENERAL NOTE
General note
942 ## - ADDED ENTRY ELEMENTS (KOHA)
Source of classification or shelving scheme Dewey Decimal Classification
Item type English Books
Call number suffix MAN
Classification part 954.02
Holdings
Withdrawn status Lost status Not for loan Collection code Home library Current library Date acquired Source of acquisition Cost, normal purchase price Full call number Barcode Cost, replacement price Koha item type
      Non-fiction Shahdara Branch Shahdara Branch 23/05/2018 BPPD/PUB 0.00 954.02 MAN 437519 0.00 English Books

© Delhi Public Library
Hit Counter
free hit counter